| 000 | 006490000a22002170004500 | ||
|---|---|---|---|
| 003 | LK-CoMWRAF | ||
| 005 | 20231109105007.0 | ||
| 008 | 230817t1997 ||||| |||| 00| 0 eng d | ||
| 020 | _a0330347853 | ||
| 040 |
_aLK-CoMWRAF _dLK-CoMWRAF _eLK-CoMWRAF |
||
| 041 | _aeng | ||
| 082 |
_a658.4092 _bADA |
||
| 100 | _aAdair, John | ||
| 245 |
_aEffective Leadership Masterclass: _bWhat every Manager can learn from the great Leaders |
||
| 260 |
_aLondon: _bPan Books, _c1997 |
||
| 300 |
_aix,262p. ; 20cm. _bBibliography and index included |
||
| 490 | _aEffective management series | ||
| 650 | _aLEADERSHIP | ||
| 650 | _aExecutive ability | ||
| 942 | _cBK | ||
| 999 |
_c2391 _d2391 |
||